000 01060nam a2200289 i 4500
001 9856
003 ES-MaACL
005 20230906145754.0
007 t|
008 940304s1993 sp ||||1| spa d
020 _a84-86884-96-9
080 _a338.98(4-67 CE):332.4
080 _a336(4-67 CE)
080 _a332.4:338.98(4-67 CE)
245 0 0 _aRelaciones financieras internacionales
_b: problemas y perspectivas /
_cAntonio Borges... [et al.] ; coordinador, José Luis Malo de Molina.
260 _a[Madrid] :
_bFundación Banco Exterior,
_cD.L. 1993.
300 _a124 p. ;
_c23 cm.
490 1 _aColección Seminarios y cursos
500 _a"Ciclo de conferencias de la Fundación Banco Exterior, enero-junio 1992"
610 2 7 _aComunidades Europeas-
_xPolítica monetaria.
_93142
650 1 4 _aFinanzas-
_zPaíses en desarrollo.
_912873
700 1 _aMalo de Molina, José Luis.
_975838
700 1 _aBorges, Antonio.
_930458
830 0 _aColección Seminarios y cursos
_9177486
852 _aES-MaACL
_jL-17067
_bR.121287
999 _c9856
_d9856